[Event "42nd POL-ch"]
[Site "Gdynia POL"]
[Date "1985.02.19"]
[Round "12"]
[White "Pytel, Krzysztof"]
[Black "Staniszewski, Piotr"]
[Result "1/2-1/2"]
[WhiteElo "2405"]
[BlackElo "2365"]
[PlyCount "95"]
[EventDate "1985.02.07"]

1. Nf3 Nf6 2. g3 d5 3. Bg2 c6 4. O-O Bg4 5. c4 e6 6. d3 Nbd7 7. b3 Bd6 8. Bb2
O-O 9. Nbd2 a5 10. a3 e5 11. h3 Bh5 12. Qc2 Re8 13. e4 dxe4 14. Nxe4 Nxe4 15.
dxe4 Bxf3 16. Bxf3 Bc5 17. Rfd1 Qe7 18. Bc3 Nf8 19. Qb2 Ne6 20. Bg4 Bd4 21.
Bxe6 Qxe6 22. Bxd4 exd4 23. Qxd4 Qxh3 24. Qd7 Qxd7 25. Rxd7 Rxe4 26. Rxb7 a4
27. b4 Rxc4 28. Rd1 h5 29. Rdd7 Rf8 30. Ra7 h4 31. gxh4 Rxh4 32. Rdc7 Rc4 33.
Rxa4 Rd8 34. Raa7 Rf4 35. Rd7 Rxd7 36. Rxd7 Rf3 37. a4 Rf4 38. Rb7 Rf3 39. a5
Ra3 40. Kf1 g5 41. Ke2 Kg7 42. Kd2 c5 43. bxc5 Rxa5 44. c6 Kf6 45. c7 Rc5 46.
Kd3 Ke6 47. Kd4 Rc1 48. Ra7 1/2-1/2

[Event "42nd POL-ch"]
[Site "Gdynia POL"]
[Date "1985.02.19"]
[Round "12"]
[White "Sygulski, Artur"]
[Black "Jasnikowski, Zbigniew"]
[Result "1/2-1/2"]
[WhiteElo "2445"]
[BlackElo "2435"]
[PlyCount "35"]
[EventDate "1985.02.07"]

1. c4 c5 2. Nf3 Nf6 3. Nc3 e6 4. d4 cxd4 5. Nxd4 Nc6 6. Nxc6 dxc6 7. Qxd8+ Kxd8
8. Bg5 e5 9. e3 Be6 10. Be2 Be7 11. O-O Nd7 12. Bxe7+ Kxe7 13. Rfd1 Rad8 14. b3
Nc5 15. f3 Rxd1+ 16. Rxd1 Rd8 17. Rxd8 Kxd8 18. Kf2 1/2-1/2

[Event "42nd POL-ch"]
[Site "Gdynia POL"]
[Date "1985.02.19"]
[Round "12"]
[White "Tomaszewski, Roman"]
[Black "Kuczynski, Robert"]
[Result "0-1"]
[WhiteElo "2405"]
[BlackElo "2415"]
[PlyCount "85"]
[EventDate "1985.02.07"]

1. d4 Nf6 2. c4 c5 3. d5 e6 4. Nc3 exd5 5. cxd5 d6 6. e4 g6 7. Bd3 Bg7 8. Nge2
O-O 9. O-O a6 10. a4 Nbd7 11. h3 Rb8 12. Ng3 Ne8 13. Rb1 Qh4 14. Be3 Ne5 15.
Qd2 h6 16. Be2 f5 17. exf5 g5 18. Nce4 Bxf5 19. f3 Bh7 20. Rbc1 b5 21. axb5
axb5 22. Kh2 Nd7 23. Kg1 Be5 24. Qe1 Ndf6 25. Bf2 Qf4 26. Qd2 Qxd2 27. Nxd2
Bxb2 28. Rb1 Bxb1 29. Rxb1 Be5 30. Rxb5 Rxb5 31. Bxb5 Nc7 32. Bc4 Nfxd5 33.
Nge4 Kg7 34. Bf1 Nc3 35. Nc4 Nxe4 36. fxe4 Kf6 37. Nxe5 Kxe5 38. Bg3+ Ke6 39.
Bc4+ Ke7 40. h4 Ra8 41. hxg5 hxg5 42. Be2 Ra4 43. Bf3 0-1

[Event "42nd POL-ch"]
[Site "Gdynia POL"]
[Date "1985.02.20"]
[Round "13"]
[White "Jasnikowski, Zbigniew"]
[Black "Nowak, Ignacy"]
[Result "1/2-1/2"]
[WhiteElo "2435"]
[BlackElo "2395"]
[PlyCount "71"]
[EventDate "1985.02.07"]

1. d4 Nf6 2. c4 g6 3. Nc3 Bg7 4. e4 d6 5. Nf3 O-O 6. h3 c5 7. d5 e6 8. Bd3 Na6
9. O-O Nc7 10. Rb1 Rb8 11. Be3 exd5 12. cxd5 Nd7 13. Qd2 a5 14. a3 Ra8 15. Bh6
Qe7 16. Bxg7 Kxg7 17. Rbe1 f6 18. Nh2 Ne5 19. f4 Nxd3 20. Qxd3 b5 21. e5 fxe5
22. fxe5 Rxf1+ 23. Qxf1 Bb7 24. Ng4 Nxd5 25. Nxd5 Bxd5 26. Rd1 Be6 27. exd6 Qg5
28. Qf3 Bxg4 29. hxg4 Rf8 30. Qc3+ Kg8 31. d7 b4 32. Qc4+ Kg7 33. Qe6 Rd8 34.
Rf1 c4 35. Qf7+ Kh6 36. Rf3 {..41} 1/2-1/2

[Event "42nd POL-ch"]
[Site "Gdynia POL"]
[Date "1985.02.20"]
[Round "13"]
[White "Kojder, Konrad"]
[Black "Dejkalo, Stefan"]
[Result "0-1"]
[WhiteElo "2370"]
[BlackElo "2325"]
[PlyCount "112"]
[EventDate "1985.02.07"]

1. d4 Nf6 2. Bg5 e6 3. e4 h6 4. Bxf6 Qxf6 5. Nf3 d6 6. Nc3 Qd8 7. Qd2 Nd7 8.
O-O-O Be7 9. h4 a6 10. g4 b5 11. Bg2 Bb7 12. d5 e5 13. g5 Nf8 14. Ne2 Bc8 15.
Ng3 Ng6 16. Nh5 Kf8 17. Bh3 Bxh3 18. Rxh3 Qd7 19. Ng1 Qg4 20. Qe2 Qxe2 21. Nxe2
Nxh4 22. gxh6 Rxh6 23. Nhg3 Ke8 24. Rdh1 Kd7 25. Kd1 Rah8 26. f4 exf4 27. Nxf4
Bf6 28. Nd3 Nf3 29. Rxh6 Rxh6 30. Rxh6 gxh6 31. c3 Ne5 32. Nxe5+ Bxe5 33. Nf5
h5 34. Ke2 c6 35. dxc6+ Kxc6 36. Nh6 f6 37. Nf5 Kc5 38. Kd3 a5 39. b3 d5 40.
b4+ axb4 41. cxb4+ Kxb4 42. exd5 Kc5 43. Ke4 b4 44. Nh4 Bg3 45. Nf3 h4 46. Ng1
Be5 47. Nh3 Kc4 48. Nf2 Bg3 49. Ng4 f5+ 50. Kxf5 h3 51. Ke6 Kc5 52. Nf6 Bh4 53.
Ng4 Bg3 54. Nf6 Kb5 55. Nh5 Bh4 56. a4+ bxa3 0-1

[Event "42nd POL-ch"]
[Site "Gdynia POL"]
[Date "1985.02.20"]
[Round "13"]
[White "Kuczynski, Robert"]
[Black "Adamski, Jan"]
[Result "1/2-1/2"]
[WhiteElo "2415"]
[BlackElo "2450"]
[PlyCount "33"]
[EventDate "1985.02.07"]

1. e4 c5 2. Nf3 e6 3. b3 a6 4. Bb2 d6 5. d4 cxd4 6. Nxd4 Nf6 7. Bd3 b6 8. O-O
Bb7 9. Qe2 Nbd7 10. f4 Nc5 11. Nd2 Be7 12. Kh1 O-O 13. Rf3 Nfd7 14. Rh3 Nxd3
15. cxd3 Re8 16. N2f3 e5 17. fxe5 1/2-1/2

[Event "42nd POL-ch"]
[Site "Gdynia POL"]
[Date "1985.02.20"]
[Round "13"]
[White "Pokojowczyk, Jerzy"]
[Black "Pytel, Krzysztof"]
[Result "1-0"]
[WhiteElo "2405"]
[BlackElo "2405"]
[PlyCount "67"]
[EventDate "1985.02.07"]

1. e4 e6 2. d4 d5 3. Nd2 Nf6 4. e5 Nfd7 5. c3 c5 6. f4 Nc6 7. Ndf3 Qb6 8. g3 f5
9. Ne2 a5 10. Kf2 Be7 11. Kg2 Ndb8 12. Rb1 Na6 13. h3 O-O 14. g4 Nc7 15. Be3
Bd7 16. Ng3 cxd4 17. Nxd4 Nxd4 18. Bxd4 Bc5 19. Rg1 Bxd4 20. cxd4 fxg4 21. Qxg4
Qxd4 22. Nh5 Ne8 23. Kh2 Rf7 24. Rd1 Qb6 25. Bd3 Bb5 26. Bb1 Rc8 27. Rg2 Rfc7
28. Qh4 Qe3 29. Bxh7+ Kf8 30. Bg6 Rc1 31. Rxc1 Qxc1 32. Bf7 Kxf7 33. Nxg7 Bf1
34. Qh5+ 1-0

[Event "42nd POL-ch"]
[Site "Gdynia POL"]
[Date "1985.02.20"]
[Round "13"]
[White "Staniszewski, Piotr"]
[Black "Cichocki, Adam"]
[Result "1/2-1/2"]
[WhiteElo "2365"]
[BlackElo "2250"]
[PlyCount "58"]
[EventDate "1985.02.07"]

1. e4 e6 2. d4 d5 3. Nd2 Nf6 4. e5 Ne4 5. Nxe4 dxe4 6. Bc4 c5 7. d5 Nd7 8. dxe6
fxe6 9. f4 exf3 10. Nxf3 Be7 11. O-O Nb6 12. Bd3 c4 13. Be4 O-O 14. Qe2 Qc7 15.
Bg5 Bc5+ 16. Be3 Nd5 17. Bxc5 Qxc5+ 18. Kh1 Bd7 19. c3 Ne3 20. Qf2 Rac8 21.
Rfe1 Ng4 22. Qxc5 Rxc5 23. Re2 Bc6 24. Kg1 g6 25. Bxc6 Rxc6 26. a3 Nh6 27. Nd4
Rb6 28. g4 Nf7 29. Kg2 Kg7 1/2-1/2

[Event "42nd POL-ch"]
[Site "Gdynia POL"]
[Date "1985.02.20"]
[Round "13"]
[White "Sygulski, Boguslaw"]
[Black "Tomaszewski, Roman"]
[Result "1/2-1/2"]
[WhiteElo "2270"]
[BlackElo "2405"]
[PlyCount "110"]
[EventDate "1985.02.07"]

1. d4 Nf6 2. c4 g6 3. Nc3 d5 4. Bf4 Bg7 5. Rc1 O-O 6. e3 c5 7. dxc5 Be6 8. Nf3
Nc6 9. Ng5 Bg4 10. f3 e5 11. cxd5 exf4 12. dxc6 Qe7 13. fxg4 Qxe3+ 14. Be2 Nxg4
15. Rf1 Nxh2 16. Qd2 Qxd2+ 17. Kxd2 Nxf1+ 18. Rxf1 bxc6 19. Bc4 Rad8+ 20. Kc2
Rd4 21. b3 h6 22. Nf3 Rd7 23. Ne4 Re8 24. Nd6 Re3 25. Rd1 Kf8 26. Nd4 Rg3 27.
Nxc6 Rc7 28. Re1 Rxg2+ 29. Kd3 Bf6 30. Ne5 Re7 31. Nf3 Rg3 32. Rxe7 Kxe7 33.
Ke2 g5 34. Nf5+ Kd7 35. Nxg3 fxg3 36. Bd5 g4 37. Ne1 h5 38. Kf1 h4 39. b4 h3
40. b5 Bc3 41. Nd3 f5 42. a4 Kc7 43. Nf4 Bd2 44. Nh5 f4 45. Nf6 Be3 46. Nxg4
Bxc5 47. a5 Kd6 48. Bf3 Bd4 49. Nh6 Bc3 50. Nf7+ Kc7 51. b6+ axb6 52. axb6+
Kxb6 53. Ng5 h2 54. Ne6 Be5 55. Kg2 Kb5 1/2-1/2

[Event "42nd POL-ch"]
[Site "Gdynia POL"]
[Date "1985.02.20"]
[Round "13"]
[White "Szymczak, Zbigniew"]
[Black "Sygulski, Artur"]
[Result "1/2-1/2"]
[WhiteElo "2335"]
[BlackElo "2445"]
[PlyCount "37"]
[EventDate "1985.02.07"]

1. Nf3 Nf6 2. c4 e6 3. g3 d5 4. Bg2 c5 5. O-O Be7 6. b3 Nc6 7. Bb2 O-O 8. e3 b6
9. Nc3 Bb7 10. cxd5 Nxd5 11. Nxd5 Qxd5 12. d4 Qd8 13. dxc5 Bxc5 14. Qxd8 Raxd8
15. Rfd1 Rxd1+ 16. Rxd1 Rd8 17. Rxd8+ Nxd8 18. Ne5 Bxg2 19. Kxg2 1/2-1/2

[Event "42nd POL-ch"]
[Site "Gdynia POL"]
[Date "1985.02.20"]
[Round "13"]
[White "Zolnierowicz, Krzysztof"]
[Black "Bany, Jerzy"]
[Result "1/2-1/2"]
[WhiteElo "2270"]
[BlackElo "2435"]
[PlyCount "25"]
[EventDate "1985.02.07"]

1. Nf3 d5 2. c4 c6 3. cxd5 cxd5 4. d4 Nf6 5. Nc3 Nc6 6. Bf4 Bf5 7. e3 e6 8. Bd3
Bxd3 9. Qxd3 Be7 10. h3 O-O 11. O-O Nd7 12. Qb5 Qb6 13. Qxb6 1/2-1/2

[Event "42nd POL-ch"]
[Site "Gdynia POL"]
[Date "1985.02.21"]
[Round "14"]
[White "Adamski, Jan"]
[Black "Sygulski, Boguslaw"]
[Result "1/2-1/2"]
[WhiteElo "2450"]
[BlackElo "2270"]
[PlyCount "46"]
[EventDate "1985.02.07"]

1. Nf3 Nf6 2. c4 c6 3. Nc3 d5 4. d4 dxc4 5. e3 b5 6. a4 b4 7. Nb1 Ba6 8. Qc2
Qd5 9. Nbd2 e6 10. Bxc4 Bxc4 11. Qxc4 Nbd7 12. Qe2 Be7 13. O-O O-O 14. e4 Qh5
15. Nb3 c5 16. Bg5 cxd4 17. Nbxd4 Bc5 18. Bxf6 Nxf6 19. Nb3 Rfc8 20. Rac1 Ng4
21. Qa6 Bxf2+ 22. Rxf2 Rxc1+ 23. Nxc1 Nxf2 1/2-1/2

[Event "42nd POL-ch"]
[Site "Gdynia POL"]
[Date "1985.02.21"]
[Round "14"]
[White "Cichocki, Adam"]
[Black "Pokojowczyk, Jerzy"]
[Result "0-1"]
[WhiteElo "2250"]
[BlackElo "2405"]
[PlyCount "44"]
[EventDate "1985.02.07"]

1. d4 Nf6 2. Bg5 c5 3. d5 Ne4 4. Bc1 g6 5. f3 Nf6 6. e4 d6 7. c4 Bg7 8. Nc3 O-O
9. Be3 a6 10. Qd2 e6 11. O-O-O b5 12. dxe6 Bxe6 13. Qxd6 Nbd7 14. cxb5 Qa5 15.
Qd2 axb5 16. Bxb5 Bxa2 17. Nge2 Bb3 18. Bxd7 Nxd7 19. Nb1 Qa1 20. Nec3 Ne5 21.
Qe2 Nc4 22. Rd3 Ra2 0-1

[Event "42nd POL-ch"]
[Site "Gdynia POL"]
[Date "1985.02.21"]
[Round "14"]
[White "Dejkalo, Stefan"]
[Black "Bany, Jerzy"]
[Result "1/2-1/2"]
[WhiteElo "2325"]
[BlackElo "2435"]
[PlyCount "34"]
[EventDate "1985.02.07"]

1. d4 d5 2. c4 c6 3. Nf3 Nf6 4. e3 e6 5. Nbd2 c5 6. dxc5 Bxc5 7. a3 dxc4 8.
Bxc4 a6 9. b4 Be7 10. Bb2 b5 11. Be2 Bb7 12. O-O O-O 13. Qc2 Nbd7 14. Rac1 Rc8
15. Qb1 Rxc1 16. Rxc1 Qb8 17. Nb3 Rc8 1/2-1/2

[Event "42nd POL-ch"]
[Site "Gdynia POL"]
[Date "1985.02.21"]
[Round "14"]
[White "Kojder, Konrad"]
[Black "Kuczynski, Robert"]
[Result "1/2-1/2"]
[WhiteElo "2370"]
[BlackElo "2415"]
[PlyCount "88"]
[EventDate "1985.02.07"]

1. d4 Nf6 2. c4 c5 3. d5 e6 4. Nc3 exd5 5. cxd5 d6 6. e4 g6 7. f4 Bg7 8. Bb5+
Nfd7 9. a4 O-O 10. Nf3 Na6 11. O-O Nc7 12. Bd3 a6 13. Nd2 Rb8 14. Nc4 Nf6 15.
h3 b5 16. axb5 axb5 17. Na5 Bd7 18. Qf3 Qe7 19. e5 dxe5 20. fxe5 Qxe5 21. Bf4
Qd4+ 22. Kh1 Nfe8 23. Nc6 Bxc6 24. dxc6 c4 25. Be4 Rc8 26. Rad1 Qc5 27. Rd7 f5
28. Bd5+ Kh8 29. Be3 Qb4 30. Ne2 Nxd5 31. Rxd5 Rxc6 32. Bd4 Rc7 33. Bc3 Bxc3
34. bxc3 Qe7 35. Rfd1 Nf6 36. Rxb5 Re8 37. Nf4 Qe3 38. Qxe3 Rxe3 39. Rb6 Rf7
40. Rdd6 Ne4 41. Ne6 h5 42. Rd8+ Kh7 43. Nf8+ Kg8 44. Rxg6+ Kh8 1/2-1/2

[Event "42nd POL-ch"]
[Site "Gdynia POL"]
[Date "1985.02.21"]
[Round "14"]
[White "Nowak, Ignacy"]
[Black "Szymczak, Zbigniew"]
[Result "1-0"]
[WhiteElo "2395"]
[BlackElo "2335"]
[PlyCount "81"]
[EventDate "1985.02.07"]

1. d4 Nf6 2. c4 e6 3. Nc3 c5 4. d5 exd5 5. cxd5 g6 6. e4 d6 7. f3 Bg7 8. Bg5
O-O 9. Qd2 Re8 10. Nge2 a6 11. a4 Nbd7 12. Ng3 Rb8 13. Be2 Qc7 14. Bh6 Bxh6 15.
Qxh6 c4 16. O-O b5 17. Kh1 Nc5 18. axb5 axb5 19. b4 cxb3 20. Nxb5 Qd8 21. Rfb1
Re5 22. Qd2 h5 23. Nf1 h4 24. Ne3 h3 25. g3 Qe7 26. Bf1 Bd7 27. Nc3 Qf8 28. Nc4
Ree8 29. Qf4 Nh5 30. Qxd6 Qg7 31. e5 Rec8 32. g4 Nf4 33. Ra7 Be8 34. Rc7 Ncd3
35. Ne4 Bb5 36. Nf6+ Kh8 37. Rxc8+ Rxc8 38. Nb6 Rf8 39. Rxb3 Nf2+ 40. Kg1 Bxf1
41. Kxf1 1-0

[Event "42nd POL-ch"]
[Site "Gdynia POL"]
[Date "1985.02.21"]
[Round "14"]
[White "Pytel, Krzysztof"]
[Black "Jasnikowski, Zbigniew"]
[Result "1/2-1/2"]
[WhiteElo "2435"]
[BlackElo "2435"]
[PlyCount "98"]
[EventDate "1985.02.07"]

1. d4 Nf6 2. c4 g6 3. Nc3 d5 4. Nf3 Bg7 5. cxd5 Nxd5 6. Bd2 O-O 7. Rc1 Nb6 8.
Bg5 h6 9. Bf4 g5 10. Be5 N6d7 11. Bxg7 Kxg7 12. e3 c5 13. Be2 cxd4 14. Nxd4 Nf6
15. O-O e5 16. Ndb5 Be6 17. Qc2 Qe7 18. f4 gxf4 19. exf4 Qc5+ 20. Kh1 e4 21. f5
Bd7 22. Qd2 e3 23. Qe1 Qe5 24. Qh4 Bxf5 25. Nd6 Bg6 26. Nxb7 Nbd7 27. b4 Rac8
28. Na4 Ne4 29. Kg1 Rxc1 30. Rxc1 Qd4 31. Qe1 Rb8 32. Nac5 Ndxc5 33. Nxc5 Qxb4
34. Nxe4 Qxe1+ 35. Rxe1 Bxe4 36. Bf1 Rb1 37. Rxe3 Bd5 38. a3 Bc4 39. Rf3 Ra1
40. g4 a5 41. Rf4 Bb3 42. Kf2 Ra2+ 43. Kg3 a4 44. Bc4 Bxc4 45. Rxc4 Rxa3+ 46.
Kh4 Ra2 47. h3 a3 48. Ra4 Ra1 49. Kh5 Ra2 1/2-1/2

[Event "42nd POL-ch"]
[Site "Gdynia POL"]
[Date "1985.02.21"]
[Round "14"]
[White "Sygulski, Artur"]
[Black "Zolnierowicz, Krzysztof"]
[Result "1/2-1/2"]
[WhiteElo "2445"]
[BlackElo "2270"]
[PlyCount "34"]
[EventDate "1985.02.07"]

1. d4 Nf6 2. c4 e6 3. Nf3 Bb4+ 4. Bd2 Bxd2+ 5. Qxd2 O-O 6. Nc3 d5 7. e3 Qe7 8.
Bd3 dxc4 9. Bxc4 c5 10. O-O Nc6 11. a3 cxd4 12. exd4 b6 13. Rad1 Bb7 14. d5
exd5 15. Nxd5 Nxd5 16. Bxd5 Qf6 17. b4 Rad8 1/2-1/2

[Event "42nd POL-ch"]
[Site "Gdynia POL"]
[Date "1985.02.22"]
[Round "15"]
[White "Bany, Jerzy"]
[Black "Sygulski, Artur"]
[Result "1/2-1/2"]
[WhiteElo "2435"]
[BlackElo "2445"]
[PlyCount "27"]
[EventDate "1985.02.07"]

1. Nf3 Nf6 2. c4 e6 3. g3 d5 4. Bg2 c5 5. d4 Nc6 6. O-O dxc4 7. Qa4 Bd7 8. Qxc4
cxd4 9. Nxd4 Rc8 10. Nc3 Nxd4 11. Qxd4 Bc5 12. Qd3 Bc6 13. Qxd8+ Kxd8 14. Bf4
1/2-1/2

[Event "42nd POL-ch"]
[Site "Gdynia POL"]
[Date "1985.02.22"]
[Round "15"]
[White "Jasnikowski, Zbigniew"]
[Black "Cichocki, Adam"]
[Result "1/2-1/2"]
[WhiteElo "2435"]
[BlackElo "2250"]
[PlyCount "29"]
[EventDate "1985.02.07"]

1. e4 e6 2. d4 d5 3. Nc3 Nf6 4. Bg5 Bb4 5. e5 h6 6. Bd2 Bxc3 7. bxc3 Ne4 8. Qg4
g6 9. Bd3 Nxd2 10. Kxd2 c5 11. Nf3 Nc6 12. Qf4 cxd4 13. cxd4 Qa5+ 14. Ke3 b6
15. Qf6 1/2-1/2

[Event "42nd POL-ch"]
[Site "Gdynia POL"]
[Date "1985.02.22"]
[Round "15"]
[White "Pokojowczyk, Jerzy"]
[Black "Tomaszewski, Roman"]
[Result "1/2-1/2"]
[WhiteElo "2405"]
[BlackElo "2405"]
[PlyCount "26"]
[EventDate "1985.02.07"]

1. e4 c6 2. d4 d5 3. exd5 cxd5 4. Bd3 Nc6 5. c3 Nf6 6. Bf4 Bg4 7. Qb3 Qd7 8.
Nd2 e6 9. Ngf3 Bxf3 10. Nxf3 Bd6 11. Bxd6 Qxd6 12. O-O O-O 13. Rae1 Qc7 1/2-1/2

[Event "42nd POL-ch"]
[Site "Gdynia POL"]
[Date "1985.02.22"]
[Round "15"]
[White "Staniszewski, Piotr"]
[Black "Adamski, Jan"]
[Result "1/2-1/2"]
[WhiteElo "2365"]
[BlackElo "2450"]
[PlyCount "40"]
[EventDate "1985.02.07"]

1. e4 c5 2. Nf3 e6 3. d4 cxd4 4. Nxd4 a6 5. Bd3 Nf6 6. O-O d6 7. c4 b6 8. Nc3
Bb7 9. f4 Be7 10. Kh1 O-O 11. b3 Nc6 12. Nxc6 Bxc6 13. Qe2 Nd7 14. Bb2 Bf6 15.
e5 dxe5 16. Ne4 Bxe4 17. Bxe4 Ra7 18. fxe5 Bxe5 19. Bxe5 Nxe5 20. Bxh7+ Kxh7
1/2-1/2

[Event "42nd POL-ch"]
[Site "Gdynia POL"]
[Date "1985.02.22"]
[Round "15"]
[White "Sygulski, Boguslaw"]
[Black "Kojder, Konrad"]
[Result "1/2-1/2"]
[WhiteElo "2270"]
[BlackElo "2370"]
[PlyCount "28"]
[EventDate "1985.02.07"]

1. d4 Nf6 2. c4 e6 3. Nc3 Bb4 4. Qc2 O-O 5. Nf3 b6 6. e4 Bb7 7. Bd3 Bxc3+ 8.
bxc3 Ne8 9. O-O d6 10. Be3 Nd7 11. Nd2 e5 12. f4 c5 13. fxe5 dxe5 14. d5 Nd6
1/2-1/2

[Event "42nd POL-ch"]
[Site "Gdynia POL"]
[Date "1985.02.22"]
[Round "15"]
[White "Szymczak, Zbigniew"]
[Black "Pytel, Krzysztof"]
[Result "0-1"]
[WhiteElo "2335"]
[BlackElo "2405"]
[PlyCount "70"]
[EventDate "1985.02.07"]

1. Nf3 e6 2. g3 b5 3. Bg2 Bb7 4. O-O c5 5. d3 d6 6. e4 Nd7 7. Nc3 a6 8. b3 Qc7
9. Ne2 Ngf6 10. Nd2 Be7 11. e5 Nd5 12. exd6 Bxd6 13. c4 bxc4 14. bxc4 Rb8 15.
Ne4 Be7 16. a4 Nb4 17. Bf4 e5 18. Be3 f5 19. N4c3 Bxg2 20. Kxg2 Nf6 21. Rb1 O-O
22. Nc1 Qd7 23. N3a2 Nc6 24. Nb3 Nd4 25. Bxd4 exd4 26. Qc2 f4 27. Nd2 Rxb1 28.
Rxb1 fxg3 29. hxg3 Ng4 30. Nf3 Qc6 31. Qe2 Ne5 32. Qxe5 Qxf3+ 33. Kh3 Rf5 34.
Qe6+ Kh8 35. Qxe7 Rh5+ 0-1

[Event "42nd POL-ch"]
[Site "Gdynia POL"]
[Date "1985.02.22"]
[Round "15"]
[White "Zolnierowicz, Krzysztof"]
[Black "Nowak, Ignacy"]
[Result "0-1"]
[WhiteElo "2270"]
[BlackElo "2395"]
[PlyCount "56"]
[EventDate "1985.02.07"]

1. e4 c5 2. Nf3 e6 3. d4 cxd4 4. Nxd4 Nf6 5. Nc3 d6 6. Be2 Be7 7. O-O O-O 8.
Kh1 a6 9. a4 Nc6 10. f4 Qc7 11. Be3 Re8 12. Nb3 b6 13. Bf3 Rb8 14. Qe2 Nd7 15.
Bf2 Bb7 16. Bg3 Nc5 17. Qf2 Red8 18. e5 dxe5 19. fxe5 Nxb3 20. Bxc6 Qxc6 21.
cxb3 Bc5 22. Qe2 Rd4 23. Rad1 Rbd8 24. Rxd4 Rxd4 25. Rf4 Qd7 26. Ne4 Qd5 27. b4
Bxb4 28. Be1 Rd1 0-1